000 01643cam a22003491i 4500
003 SA-RiAUC
005 20251222134257.0
008 251201s1999 su o g 01000 ara c
020 _a9960660753
040 _aSA-RiAUC
_bara
_cSA-RiAUC
_erda
041 1 _aara
_hund
043 _aa-su---
050 4 _b.F33125 1999
082 0 4 _a915.3104
_qSA-RiAUC
090 _a915.3104
_bفي س
100 1 _aفيسي، وليام،
_d1948-
_eمؤلف.
245 1 0 _aالمملكة العربية السعودية في عيون أوائل المصورين /
_cتأليف وليام فيسي، جيليان غرانت ؛ تحرير لزلي ماكلوكين ؛ ترجمة زاهر عثمان.
264 1 _aالرياض :
_bالأمانة العامة للاحتفال بمرور مائة عام على تأسيس المملكة،
_c1999
300 _a128 صفحة :
_bصور ؛
_c24 سم
336 _aنص
_btxt
_2rdacontent
_3كتاب
337 _aبدون وسيط
_bn
_2rdamedia
338 _aمجلد
_bnc
_2rdacarrier
500 _aصدر بمناسبة الاحتفال بمرور مائة عام على تأسيس المملكة العربية السعودية.
651 7 _aالسعودية
_xوصف ورحلات
_2aucsh
651 7 _aالسعودية
_vصور فوتوغرافية
_2aucsh
651 7 _aالسعودية
_xوصف ورحلات
_2aucsh
700 1 _aجرانت، جيليان
_eمؤلف.
700 1 _aمكلوكلين، ل. ج.،
_d1935-
_eمحرر.
700 1 _aعثمان، زاهر عبد الرحمن،
_d1377 هجري-
_eمترجم.
942 _2ddc
_cBOOK
_n0
949 _aSA-JeALM
_d251201
_umohamedma123
_n1
999 _c13639
_d13639